000
00311nam a2200121Ia 4500
008
180117s9999 xx 000 0 und d
100
_a
by Ana Valenzuela
245
_a
Writing a Novel in a Month
260
_c
2017
300
_a
8-10 pages, 2017 November 12
440
_a
Philippine Panorama
650
_a
NOVEL
999
_c
353294
_d
353294